000 00524nam a2200193Ia 4500
005 20250423095448.0
008 250422s9999 xx 000 0 und d
020 _a9781292021508
050 _aHG 4027.5 .M64/
100 _aMoffett, Michael H.
245 0 _aFundamentals of multinational finance
250 _a4th ed.
260 _aBoston
260 _bPearson
260 _c2014
300 _a554 p
650 _aInternational business enterprises--Finance. International finance. Foreign exchange.
942 _cBK
999 _c30348
_d30348